Les reseaux hvdc multi-terminaux: des defies multipes en genie electrique high voltage direct current grid multiterminals: many challenges in electrical engineering; Лингвистические и культурологические традиции и инновации

Podrobná bibliografie
Parent link:Лингвистические и культурологические традиции и инновации.— 2016.— [С. 25]
Hlavní autor: Hochard N.
Korporativní autor: Национальный исследовательский Томский политехнический университет (ТПУ)
Shrnutí:Заглавие с титульного экрана
Electrical installation using high voltage need to be improve to make the exchanges of power under the sea with security and to connect the offshore sources. Alterative grid show limits in those applications. High voltage direct current (HVDC) installation can be a solution to those cases, if some technological and scientist problem are solved. Challenge are in every level of the electrical engineering work, in the whole system, with the material used, and the way their used. This article introduce the main challenges in the domain of electrical engineering to solve in case of the exploitation of a HVDC grid.
Jazyk:angličtina
Vydáno: 2016
Edice:Актуальные направления исследований и подходы в современной лингвистике
Témata:
On-line přístup:http://earchive.tpu.ru/handle/11683/37743
Médium: MixedMaterials Elektronický zdroj Kapitola
KOHA link:https://koha.lib.tpu.ru/cgi-bin/koha/opac-detail.pl?biblionumber=622388

MARC

LEADER 00000naa2a2200000 4500
001 622388
005 20231101133217.0
035 |a (RuTPU)RU\TPU\conf\21113 
035 |a RU\TPU\conf\21112 
090 |a 622388 
100 |a 20170328d2016 k y0rusy50 ba 
101 0 |a eng 
102 |a RU 
105 |a y z 101zy 
135 |a drgn ---uucaa 
181 0 |a i  
182 0 |a b 
200 1 |a Les reseaux hvdc multi-terminaux: des defies multipes en genie electrique high voltage direct current grid multiterminals: many challenges in electrical engineering  |f N. Hochard 
203 |a Текст  |c электронный 
225 1 |a Актуальные направления исследований и подходы в современной лингвистике 
230 |a 1 компьютерный файл (pdf; 12 Кb) 
300 |a Заглавие с титульного экрана 
330 |a Electrical installation using high voltage need to be improve to make the exchanges of power under the sea with security and to connect the offshore sources. Alterative grid show limits in those applications. High voltage direct current (HVDC) installation can be a solution to those cases, if some technological and scientist problem are solved. Challenge are in every level of the electrical engineering work, in the whole system, with the material used, and the way their used. This article introduce the main challenges in the domain of electrical engineering to solve in case of the exploitation of a HVDC grid. 
463 0 |0 (RuTPU)RU\TPU\conf\21107  |t Лингвистические и культурологические традиции и инновации  |o тезисы докладов XVI Международной научно-практической конференции, Томск, 11-13 октября 2016 г.  |f Национальный исследовательский Томский политехнический университет (ТПУ) ; под ред. Ю. В. Кобенко ; К. А. Гирфановой  |v [С. 25]  |d 2016 
610 1 |a труды учёных ТПУ 
610 1 |a электронный ресурс 
610 1 |a электрические системы 
610 1 |a постоянный ток 
610 1 |a полупроводниковые преобразователи 
610 1 |a электрические установки 
610 1 |a высоковольтные линии 
700 1 |a Hochard  |b N. 
712 0 2 |a Национальный исследовательский Томский политехнический университет (ТПУ)  |c (2009- )  |2 stltpush  |3 (RuTPU)RU\TPU\col\15902 
801 2 |a RU  |b 63413507  |c 20170406  |g RCR 
856 4 |u http://earchive.tpu.ru/handle/11683/37743 
942 |c BK